TH-SOF-0914-ANALYSIS AND OPTIMIZATION OF HEAT TREATMENT PARAMETERS USING TAGUCHI S ROBUST DESIGN METHODOLOGY TO A PROCESS A CASE STUDY (Record no. 578554)
[ view plain ]
| 000 -LEADER | |
|---|---|
| fixed length control field | 00428nam a22001217a 4500 |
| 082 ## - DEWEY DECIMAL CLASSIFICATION NUMBER | |
| Classification number | THE 200 |
| 100 ## - MAIN ENTRY--PERSONAL NAME | |
| Personal name | IKRAM UL HAQUE |
| 9 (RLIN) | 72555 |
| 245 ## - TITLE STATEMENT | |
| Title | TH-SOF-0914-ANALYSIS AND OPTIMIZATION OF HEAT TREATMENT PARAMETERS USING TAGUCHI S ROBUST DESIGN METHODOLOGY TO A PROCESS A CASE STUDY |
| 260 ## - PUBLICATION, DISTRIBUTION, ETC. | |
| Place of publication, distribution, etc. | NUST COLLEGE OF EME |
| Name of publisher, distributor, etc. | ISLAMABAD |
| Date of publication, distribution, etc. | 2001 |
| 650 ## - SUBJECT ADDED ENTRY--TOPICAL TERM | |
| Topical term or geographic name entry element | MS-EM-7 MSTHESIS |
| 9 (RLIN) | 69831 |
| 700 ## - ADDED ENTRY--PERSONAL NAME | |
| Personal name | DR AKHTAR NAWAZ MALIK |
| 9 (RLIN) | 16099 |
| 942 ## - ADDED ENTRY ELEMENTS (KOHA) | |
| Koha item type | Computer Files |
| Withdrawn status | Lost status | Damaged status | Not for loan | Permanent Location | Current Location | Shelving location | Date acquired | Total Checkouts | Full call number | Barcode | Date last seen | Price effective from | Koha item type |
|---|---|---|---|---|---|---|---|---|---|---|---|---|---|
| College of Electrical & Mechanical Engineering (CEME) | College of Electrical & Mechanical Engineering (CEME) | Reference | 02/27/2020 | THE 200 | TH-SOF-0914 | 06/28/2021 | 06/28/2021 | Computer Files |
